[Event "40th Nordic Ch"]
[Site "Gjoevik NOR"]
[Date "1985.07.22"]
[Round "7"]
[White "Hansen, Jens Christian"]
[Black "Schussler, Harry"]
[Result "0-1"]
[WhiteElo "2215"]
[BlackElo "2465"]
[EventDate "1985.07.16"]
[PlyCount "62"]

1.d4 Nf6 2.c4 e6 3.Nf3 c5 4.e3 d5 5.Nc3 a6 6.dxc5 Bxc5 7.a3 O-O 8.b4 Ba7 
9.Bb2 Nc6 10.cxd5 exd5 11.Ne2 Bg4 12.Ned4 Ne5 13.Qb3 Bxf3 14.Nxf3 Nxf3+ 
15.gxf3 Qe7 16.Rd1 Rfd8 17.Bd4 Bxd4 18.Rxd4 Rac8 19.Be2 Rc1+ 20.Bd1 Qe6 
21.Qb2 Rdc8 22.h4 Qf5 23.Qe2 R8c2 24.Rd2 Rc3 25.a4 Rc4 26.Qd3 Qxf3 27.Qxc4
Qxh1+ 28.Qf1 Qxh4 29.Rd4 Qh2 30.Qd3 Qc7 31.e4 Rc3 0-1

[Event "40th Nordic Ch"]
[Site "Gjoevik NOR"]
[Date "1985.07.22"]
[Round "7"]
[White "Oest-Hansen, Jacob"]
[Black "Wiedenkeller, Michael"]
[Result "1/2-1/2"]
[WhiteElo "2420"]
[BlackElo "2465"]
[EventDate "1985.07.16"]
[PlyCount "124"]

1.g3 g6 2.Bg2 Bg7 3.e4 c5 4.d3 Nc6 5.f4 e6 6.Nf3 Nge7 7.O-O O-O 8.c3 d6 9.
Be3 b6 10.Re1 Bb7 11.Nbd2 Rc8 12.a3 Ba6 13.Bf1 Qd7 14.Rc1 e5 15.Qa4 Bb7 
16.b4 a6 17.fxe5 b5 18.Qb3 Nxe5 19.Nxe5 Bxe5 20.Bg2 Bg7 21.d4 c4 22.Qc2 f5
23.Re2 fxe4 24.Nxe4 Nd5 25.Rce1 Nxe3 26.Rxe3 Rce8 27.Nf6+ Bxf6 28.Bxb7 
Rxe3 29.Bd5+ Kg7 30.Rxe3 Bg5 31.Re2 Qh3 32.Bg2 Qg4 33.Qe4 Qxe4 34.Bxe4 Re8
35.Kf2 Bd2 36.Rxd2 Rxe4 37.a4 Re7 38.axb5 axb5 39.Ra2 Rf7+ 40.Ke2 Re7+ 41.
Kf2 Rf7+ 42.Ke3 Re7+ 43.Kf4 Kf7 44.Ra6 Re2 45.Rxd6 Rxh2 46.Rb6 Rc2 47.Ke5 
Rxc3 48.Rb7+ Ke8 49.Rxb5 Rxg3 50.Ke6 Re3+ 51.Kd6 h5 52.Rc5 h4 53.Rxc4 h3 
54.d5 g5 55.Rc8+ Kf7 56.b5 Re4 57.b6 Rb4 58.Rh8 Rxb6+ 59.Ke5 g4 60.d6 Rb5+
61.Kf4 Rb4+ 62.Kf5 Rb5+ 1/2-1/2

[Event "40th Nordic Ch"]
[Site "Gjoevik NOR"]
[Date "1985.07.22"]
[Round "7"]
[White "Hansen, Curt"]
[Black "Hjartarson, Johann"]
[Result "1/2-1/2"]
[WhiteElo "2500"]
[BlackElo "2505"]
[EventDate "1985.07.16"]
[PlyCount "60"]

1.d4 Nf6 2.Nf3 d5 3.c4 e6 4.Nc3 Be7 5.Bg5 O-O 6.cxd5 exd5 7.e3 c6 8.Bd3 
Nbd7 9.Qc2 Re8 10.O-O Nf8 11.Rab1 Bd6 12.Bf5 Bxf5 13.Qxf5 Qd7 14.Qxd7 
N6xd7 15.Bh4 Ne6 16.Bg3 Bxg3 17.hxg3 a5 18.Rfc1 h5 19.Ne1 g6 20.Nd3 Kg7 
21.Na4 Rh8 22.f3 h4 23.gxh4 Rxh4 24.Kf2 Rhh8 25.Rc3 Ra7 26.Rbc1 Kf6 27.Rb3
Ke7 28.Nb6 Nxb6 29.Rxb6 f6 30.a4 1/2-1/2

[Event "40th Nordic Ch"]
[Site "Gjoevik NOR"]
[Date "1985.07.23"]
[Round "8"]
[White "Hjartarson, Johann"]
[Black "Agdestein, Simen"]
[Result "1/2-1/2"]
[WhiteElo "2505"]
[BlackElo "2515"]
[EventDate "1985.07.16"]
[PlyCount "59"]

1.e4 e6 2.d4 d5 3.Nd2 Nf6 4.e5 Nfd7 5.Bd3 c5 6.c3 Nc6 7.Ne2 cxd4 8.cxd4 f6
9.exf6 Nxf6 10.O-O Bd6 11.Nf3 O-O 12.Bf4 Bxf4 13.Nxf4 Qd6 14.g3 e5 15.dxe5
Nxe5 16.Nxe5 Qxe5 17.Qb3 Kh8 18.Qb4 Bd7 19.Rae1 Qc7 20.Rc1 Qb6 21.Qxb6 
axb6 22.a3 g5 23.Ne2 Bh3 24.Rfe1 Ng4 25.Rc7 Nxf2 26.Rxh7+ Kg8 27.Nf4 Nxd3 
28.Ree7 Rxf4 29.gxf4 Rc8 30.Rhg7+ 1/2-1/2

[Event "40th Nordic Ch"]
[Site "Gjoevik NOR"]
[Date "1985.07.23"]
[Round "8"]
[White "Helmers, Knut"]
[Black "Yrjola, Jouni"]
[Result "1/2-1/2"]
[WhiteElo "2435"]
[BlackElo "2460"]
[EventDate "1985.07.16"]
[PlyCount "36"]

1.Nf3 Nf6 2.c4 g6 3.g3 Bg7 4.Bg2 O-O 5.d4 d5 6.cxd5 Nxd5 7.O-O Nb6 8.Nc3 
Nc6 9.e3 e5 10.d5 Na5 11.e4 c6 12.Bg5 f6 13.Be3 cxd5 14.exd5 Re8 15.Nd2 f5
16.Bxb6 Qxb6 17.Qa4 Rd8 18.b4 1/2-1/2

[Event "40th Nordic Ch"]
[Site "Gjoevik NOR"]
[Date "1985.07.23"]
[Round "8"]
[White "Westerinen, Heikki"]
[Black "Schussler, Harry"]
[Result "1-0"]
[WhiteElo "2390"]
[BlackElo "2465"]
[EventDate "1985.07.16"]
[PlyCount "102"]

1.e4 c5 2.Nf3 d6 3.d4 cxd4 4.Nxd4 Nf6 5.Nc3 Nc6 6.Bg5 e6 7.Qd2 a6 8.O-O-O 
h6 9.Bh4 Nxe4 10.Qf4 Ng5 11.Nxc6 bxc6 12.Qa4 Qb6 13.f4 Nh7 14.Bc4 Rb8 15.
Rhe1 Qxb2+ 16.Kd2 Qb4 17.Qxc6+ Bd7 18.Qxa6 Rc8 19.Re4 d5 20.Rb1 dxe4 21.
Rxb4 Bxb4 22.Qb7 Ba5 23.Qa7 O-O 24.Qxa5 Rxc4 25.Nd1 Rd4+ 26.Kc1 Rd5 27.Qa7
Bc6 28.Qc7 Ba8 29.Nc3 Rd4 30.Be7 Re8 31.Nb5 Rd5 32.Nd6 Rxd6 33.Qxd6 Bd5 
34.a4 Ra8 35.Kd2 Nf6 36.Bxf6 gxf6 37.a5 Kg7 38.a6 Kg6 39.g4 h5 40.h3 hxg4 
41.hxg4 f5 42.Ke3 fxg4 43.f5+ Kh6 44.Qf4+ Kh5 45.Qe5 Kh4 46.Kf4 g3 47.Qg7 
e5+ 48.Kxe5 Kh3 49.Kf4 Kg2 50.Qxg3+ Kh1 51.Qe1+ 1-0

[Event "40th Nordic Ch"]
[Site "Gjoevik NOR"]
[Date "1985.07.23"]
[Round "8"]
[White "Wiedenkeller, Michael"]
[Black "Hansen, Jens Christian"]
[Result "1-0"]
[WhiteElo "2465"]
[BlackElo "2215"]
[EventDate "1985.07.16"]
[PlyCount "60"]

1.d4 Nf6 2.c4 e6 3.Nf3 b6 4.g3 d5 5.Bg2 Bb4+ 6.Nc3 O-O 7.O-O Bb7 8.cxd5 
Nxd5 9.Qc2 Nd7 10.Ng5 g6 11.Nxd5 exd5 12.Qb3 Be7 13.Bxd5 Bxd5 14.Qxd5 c6 
15.Qxc6 Rc8 16.Qa4 Rxc1 17.Raxc1 Bxg5 18.f4 Bf6 19.e4 b5 20.Qxa7 Nb6 21.d5
Bd4+ 22.Kh1 Re8 23.Rfe1 f5 24.Rcd1 Bxb2 25.e5 Qb8 26.Qxb8 Rxb8 27.Re3 Nc4 
28.Rb3 b4 29.d6 Kf7 30.d7 1-0

[Event "40th Nordic Ch"]
[Site "Gjoevik NOR"]
[Date "1985.07.23"]
[Round "8"]
[White "Olafsson, Helgi"]
[Black "Hansen, Curt"]
[Result "1/2-1/2"]
[WhiteElo "2515"]
[BlackElo "2500"]
[EventDate "1985.07.16"]
[PlyCount "62"]

1.d4 Nf6 2.Nf3 e6 3.c4 b6 4.g3 Ba6 5.b3 Bb4+ 6.Bd2 Be7 7.Bg2 c6 8.Bc3 d5 
9.Nbd2 Nbd7 10.O-O O-O 11.Re1 c5 12.e4 dxc4 13.bxc4 cxd4 14.Nxd4 Ne5 15.
Nxe6 fxe6 16.Bxe5 Bc5 17.Rf1 Qd3 18.Bxf6 Rxf6 19.Nb3 Qxd1 20.Raxd1 Rc8 21.
Nxc5 Rxc5 22.Rd7 Rf7 23.Rfd1 Bxc4 24.Rxf7 Kxf7 25.Rd7+ Kg6 26.Rxa7 Rb5 27.
f4 Rb1+ 28.Kf2 Rb2+ 29.Kf3 Rxa2 30.Rxa2 Bxa2 31.Bf1 Kf6 1/2-1/2

[Event "40th Nordic Ch"]
[Site "Gjoevik NOR"]
[Date "1985.07.24"]
[Round "9"]
[White "Agdestein, Simen"]
[Black "Olafsson, Helgi"]
[Result "1-0"]
[WhiteElo "2515"]
[BlackElo "2515"]
[EventDate "1985.07.16"]
[PlyCount "88"]

1.d4 Nf6 2.c4 e6 3.Nf3 b6 4.a3 Bb7 5.Nc3 d5 6.cxd5 Nxd5 7.e3 Nd7 8.Bd3 
N5f6 9.e4 c5 10.Bf4 Nh5 11.Be3 cxd4 12.Nxd4 Nhf6 13.O-O Bc5 14.b4 Bxd4 15.
Bxd4 e5 16.Be3 O-O 17.f3 Qe7 18.Qb3 Rfd8 19.Ne2 Ne8 20.Rfd1 h6 21.Rd2 Ndf6
22.Rad1 Rac8 23.a4 Rc6 24.b5 Rcd6 25.Ng3 Bc8 26.Qb2 Kh7 27.Bf2 Kg8 28.Qc3 
Bd7 29.a5 h5 30.Nf1 Rc8 31.Qb4 Kf8 32.axb6 axb6 33.Qb2 g5 34.Bg3 Rc5 35.
Bf2 Rc8 36.Be2 g4 37.Qb4 Re6 38.Qxe7+ Kxe7 39.Bh4 Rc7 40.fxg4 hxg4 41.Ne3 
Kf8 42.Nxg4 Bxb5 43.Nxf6 Bxe2 44.Nxe8 1-0

[Event "40th Nordic Ch"]
[Site "Gjoevik NOR"]
[Date "1985.07.24"]
[Round "9"]
[White "Hansen, Curt"]
[Black "Helmers, Knut"]
[Result "1/2-1/2"]
[WhiteElo "2500"]
[BlackElo "2435"]
[EventDate "1985.07.16"]
[PlyCount "28"]

1.d4 Nf6 2.Nf3 g6 3.c4 Bg7 4.Nc3 d5 5.cxd5 Nxd5 6.Bd2 c5 7.Rc1 Nxc3 8.Bxc3
cxd4 9.Nxd4 O-O 10.e3 Qd5 11.Qb3 Qxb3 12.Nxb3 Nc6 13.Bxg7 Kxg7 14.a3 Bf5 
1/2-1/2

[Event "40th Nordic Ch"]
[Site "Gjoevik NOR"]
[Date "1985.07.24"]
[Round "9"]
[White "Schussler, Harry"]
[Black "Wiedenkeller, Michael"]
[Result "1/2-1/2"]
[WhiteElo "2465"]
[BlackElo "2465"]
[EventDate "1985.07.16"]
[PlyCount "80"]

1.d4 Nf6 2.c4 g6 3.Nc3 d5 4.Bf4 Bg7 5.Qa4+ Nc6 6.e4 e6 7.Bg5 Bd7 8.cxd5 
exd5 9.Nxd5 Ne7 10.Qb3 Nexd5 11.exd5 O-O 12.Nf3 c6 13.Ne5 h6 14.dxc6 hxg5 
15.cxd7 Nxd7 16.Be2 Qa5+ 17.Kf1 Nxe5 18.dxe5 Qxe5 19.h4 gxh4 20.Rxh4 b6 
21.Rb1 Rad8 22.Bd3 Bf6 23.Rh3 Kg7 24.Kg1 Rd4 25.Re3 Qd6 26.g3 Rd8 27.Bf1 
Rb4 28.Qc2 Rg4 29.Rf3 Bd4 30.Kg2 Bf6 31.Rc1 Rd4 32.Qc7 Qxc7 33.Rxc7 R8d7 
34.Rxd7 Rxd7 35.b3 Rd2 36.a4 Bd4 37.Bc4 f5 38.Kf1 Kf6 39.g4 Ke5 40.gxf5 
Ke4 1/2-1/2

[Event "40th Nordic Ch"]
[Site "Gjoevik NOR"]
[Date "1985.07.24"]
[Round "9"]
[White "Hansen, Jens Christian"]
[Black "Maki, Veijo"]
[Result "1/2-1/2"]
[WhiteElo "2215"]
[BlackElo "2365"]
[EventDate "1985.07.16"]
[PlyCount "66"]

1.d4 Nf6 2.c4 g6 3.Nc3 Bg7 4.e4 O-O 5.Be3 d6 6.f3 a6 7.Bd3 c5 8.dxc5 dxc5 
9.Bxc5 Nc6 10.Be3 Nd7 11.Be2 e5 12.Nh3 Nd4 13.O-O Nc5 14.Nf2 f5 15.Bxd4 
exd4 16.Nd5 fxe4 17.Nxe4 Nxe4 18.fxe4 Be5 19.Rxf8+ Qxf8 20.Qd2 Qd6 21.h3 
Be6 22.Rf1 Bxd5 23.exd5 Rf8 24.Rxf8+ Qxf8 25.Bg4 Qf6 26.Qf2 Bf4 27.Kf1 Qe5
28.Qe2 Be3 29.Qf3 Kg7 30.Be6 Bf4 31.Qe2 Be3 32.Qf3 Bf4 33.Qe2 1/2-1/2

[Event "40th Nordic Ch"]
[Site "Gjoevik NOR"]
[Date "1985.07.24"]
[Round "9"]
[White "Oest-Hansen, Jacob"]
[Black "Hjartarson, Johann"]
[Result "1/2-1/2"]
[WhiteElo "2420"]
[BlackElo "2505"]
[EventDate "1985.07.16"]
[PlyCount "62"]

1.g3 Nf6 2.Bg2 d5 3.Nf3 g6 4.O-O Bg7 5.d3 O-O 6.Nbd2 c5 7.e4 Nc6 8.Re1 b6 
9.c3 dxe4 10.dxe4 Ng4 11.Qa4 Nge5 12.Nxe5 Nxe5 13.Nf3 Nd3 14.Rd1 Bd7 15.
Qc4 Nxc1 16.Raxc1 Qc7 17.Qe2 Rad8 18.Nd2 Ba4 19.b3 Bc6 20.f4 e5 21.f5 Bh6 
22.Ra1 Bxd2 23.Rxd2 Rxd2 24.Qxd2 Rd8 25.Qg5 Qd6 26.Rf1 Qd2 27.Qe7 Bxe4 28.
Bxe4 Qe3+ 29.Rf2 Qe1+ 30.Rf1 Qe3+ 31.Rf2 Qe1+ 1/2-1/2

[Event "40th Nordic Ch"]
[Site "Gjoevik NOR"]
[Date "1985.07.24"]
[Round "9"]
[White "Yrjola, Jouni"]
[Black "Westerinen, Heikki"]
[Result "1/2-1/2"]
[WhiteElo "2460"]
[BlackElo "2390"]
[EventDate "1985.07.16"]
[PlyCount "56"]

1.d4 Nf6 2.c4 g6 3.Nc3 Bg7 4.e4 d6 5.Be2 Nfd7 6.Nf3 c5 7.O-O Nc6 8.d5 Nd4 
9.Nxd4 Bxd4 10.Bh6 Bxc3 11.bxc3 Qa5 12.Qd2 Qa4 13.f4 b6 14.e5 Bb7 15.Bg5 
f6 16.e6 fxg5 17.exd7+ Kxd7 18.Rae1 Raf8 19.Bd1 Qxc4 20.Qe3 Rxf4 21.Qxe7+ 
Kc8 22.Bg4+ Kb8 23.Qxd6+ Ka8 24.Rxf4 Qxf4 25.Qd7 Bc8 26.Qc6+ Kb8 27.Bxc8 
Rxc8 28.Re8 1/2-1/2

[Event "40th Nordic Ch"]
[Site "Gjoevik NOR"]
[Date "1985.07.26"]
[Round "10"]
[White "Helmers, Knut"]
[Black "Agdestein, Simen"]
[Result "1/2-1/2"]
[WhiteElo "2435"]
[BlackElo "2515"]
[EventDate "1985.07.16"]
[PlyCount "56"]

1.Nf3 Nf6 2.c4 c6 3.g3 d5 4.Bg2 Bf5 5.cxd5 cxd5 6.Qb3 Qb6 7.Qxb6 axb6 8.
Nc3 Bd7 9.d3 e6 10.O-O b5 11.Nd4 b4 12.Ncb5 Kd8 13.Bf4 Ne8 14.e4 g5 15.Be5
f6 16.Bxb8 Rxb8 17.exd5 e5 18.Ne6+ Ke7 19.a4 bxa3 20.Nxa3 Bxe6 21.dxe6 
Kxe6 22.Nb5 Nd6 23.Nxd6 Bxd6 24.Rfc1 Rhc8 25.Rxc8 Rxc8 26.Bxb7 Rc2 27.g4 
Bc5 28.Rf1 Rxb2 1/2-1/2

[Event "40th Nordic Ch"]
[Site "Gjoevik NOR"]
[Date "1985.07.26"]
[Round "10"]
[White "Hjartarson, Johann"]
[Black "Hansen, Jens Christian"]
[Result "1-0"]
[WhiteElo "2505"]
[BlackElo "2215"]
[EventDate "1985.07.16"]
[PlyCount "52"]

1.Nf3 c5 2.e4 d6 3.d4 cxd4 4.Nxd4 Nf6 5.Nc3 g6 6.Be2 Bg7 7.O-O O-O 8.Bg5 
Nc6 9.Nb3 Be6 10.Kh1 Rc8 11.f4 Na5 12.f5 Bxb3 13.axb3 Rxc3 14.Bxf6 Rc8 15.
Bxg7 Kxg7 16.e5 f6 17.fxg6 hxg6 18.Bd3 Nc6 19.Bxg6 Nxe5 20.Bf5 Ra8 21.Qd5 
Qc7 22.Rae1 Rh8 23.Re3 Kf8 24.Rxe5 dxe5 25.Bg6 e6 26.Qxe6 1-0

[Event "40th Nordic Ch"]
[Site "Gjoevik NOR"]
[Date "1985.07.26"]
[Round "10"]
[White "Maki, Veijo"]
[Black "Schussler, Harry"]
[Result "1/2-1/2"]
[WhiteElo "2365"]
[BlackElo "2465"]
[EventDate "1985.07.16"]
[PlyCount "28"]

1.e4 e5 2.Nf3 Nc6 3.Bb5 Nf6 4.O-O Nxe4 5.d4 Nd6 6.Bxc6 dxc6 7.dxe5 Ne4 8.
Qe2 Bf5 9.Rd1 Qe7 10.Nd4 Bg6 11.f3 Nc5 12.Nc3 Ne6 13.Be3 Nxd4 14.Bxd4 Qe6 
1/2-1/2

[Event "40th Nordic Ch"]
[Site "Gjoevik NOR"]
[Date "1985.07.26"]
[Round "10"]
[White "Olafsson, Helgi"]
[Black "Oest-Hansen, Jacob"]
[Result "1-0"]
[WhiteElo "2515"]
[BlackElo "2420"]
[EventDate "1985.07.16"]
[PlyCount "80"]

1.d4 Nf6 2.Nf3 g6 3.Bg5 Bg7 4.Nbd2 d5 5.e3 O-O 6.Bd3 c5 7.c3 b6 8.Qe2 Bb7 
9.O-O Nbd7 10.h3 Ne4 11.Bf4 Nxd2 12.Qxd2 Re8 13.Rfd1 a6 14.Be2 b5 15.a4 
Qb6 16.b4 c4 17.a5 Qc6 18.Bf1 f6 19.Bg3 e5 20.dxe5 fxe5 21.Qe1 Re7 22.Ra2 
Rae8 23.Bh4 Nf6 24.e4 dxe4 25.Nh2 Rf7 26.Bxf6 Qxf6 27.Ng4 Qf4 28.Ne3 h5 
29.Rd6 Kh7 30.Rad2 Bh6 31.Qd1 Ref8 32.g3 Qg5 33.h4 Qe7 34.Bg2 Kg7 35.Qb1 
Bxe3 36.fxe3 Kh6 37.Qd1 Re8 38.Rb6 Rg8 39.Rdd6 Qf8 40.g4 hxg4 1-0

[Event "40th Nordic Ch"]
[Site "Gjoevik NOR"]
[Date "1985.07.26"]
[Round "10"]
[White "Yrjola, Jouni"]
[Black "Hansen, Curt"]
[Result "0-1"]
[WhiteElo "2460"]
[BlackElo "2500"]
[EventDate "1985.07.16"]
[PlyCount "76"]

1.d4 d5 2.c4 e6 3.Nc3 Nf6 4.Bg5 Be7 5.e3 O-O 6.Nf3 Nbd7 7.Qc2 c5 8.cxd5 
exd5 9.Bb5 c4 10.Bxd7 Qxd7 11.Ne5 Qd8 12.O-O Be6 13.f4 Re8 14.Rad1 Ng4 15.
Bxe7 Rxe7 16.Qe2 Nh6 17.e4 f6 18.f5 fxe5 19.fxe6 exd4 20.exd5 dxc3 21.d6 
c2 22.Rd2 c3 23.bxc3 Re8 24.e7 Qd7 25.Qe4 Nf5 26.Qxc2 Nxd6 27.Qb3+ Kh8 28.
Qd5 Qxe7 29.Qxd6 Qe3+ 30.Rdf2 h6 31.Qd4 Qxd4 32.cxd4 Rad8 33.Rd2 Kg8 34.
Rc1 Rd7 35.g3 Re4 36.Rcd1 Kf7 37.Kf2 Ke6 38.d5+ Kd6 0-1

[Event "40th Nordic Ch"]
[Site "Gjoevik NOR"]
[Date "1985.07.26"]
[Round "10"]
[White "Westerinen, Heikki"]
[Black "Wiedenkeller, Michael"]
[Result "1/2-1/2"]
[WhiteElo "2390"]
[BlackElo "2465"]
[EventDate "1985.07.16"]
[PlyCount "40"]

1.e4 c5 2.c3 Nf6 3.e5 Nd5 4.d4 cxd4 5.Nf3 d6 6.Qxd4 e6 7.Nbd2 Nc6 8.Bb5 
Bd7 9.Bxc6 Bxc6 10.Nc4 dxe5 11.Ncxe5 Qb6 12.O-O Qxd4 13.Nxd4 Rc8 14.c4 Nb6
15.Ndxc6 bxc6 16.b3 f6 17.Nd3 Rd8 18.Rd1 Be7 19.Be3 Kf7 20.Kf1 e5 1/2-1/2

[Event "40th Nordic Ch"]
[Site "Gjoevik NOR"]
[Date "1985.07.27"]
[Round "11"]
[White "Hansen, Jens Christian"]
[Black "Olafsson, Helgi"]
[Result "0-1"]
[WhiteElo "2215"]
[BlackElo "2515"]
[EventDate "1985.07.16"]
[PlyCount "136"]

1.d4 Nf6 2.c4 e6 3.Nf3 b6 4.a3 c5 5.e3 g6 6.Nc3 Bg7 7.dxc5 bxc5 8.Qd6 Qe7 
9.Qxe7+ Kxe7 10.e4 Bb7 11.Bd3 d6 12.O-O Nc6 13.Rb1 Nd7 14.Bg5+ Bf6 15.
Bxf6+ Kxf6 16.b4 Rac8 17.Rfc1 cxb4 18.axb4 Nce5 19.Nxe5 Nxe5 20.Be2 Nxc4 
21.Bxc4 Rxc4 22.Nb5 Bxe4 23.Rxc4 Bxb1 24.Rc7 e5 25.Nxd6 Rd8 26.Rc6 Ke7 27.
Nc8+ Kf8 28.f3 a6 29.Nd6 Bd3 30.Nb7 Rd4 31.Nc5 Bb5 32.Rb6 Rd1+ 33.Kf2 Rd2+
34.Kg1 Rd1+ 35.Kf2 Rf1+ 36.Kg3 Ra1 37.Nxa6 Bxa6 38.b5 Bc8 39.Rb8 Rc1 40.b6
Ke7 41.b7 Bxb7 42.Rxb7+ Kf6 43.Rb6+ Kf5 44.Rb7 Ke6 45.Rb6+ Kd7 46.Rb5 Kd6 
47.Rb6+ Rc6 48.Rb8 h5 49.Rb7 Ke6 50.Rb2 Rc4 51.Ra2 h4+ 52.Kf2 Kf5 53.Rb2 
f6 54.Ra2 g5 55.h3 Kf4 56.Ra6 Rc2+ 57.Kf1 f5 58.Rf6 e4 59.fxe4 Ke3 60.g3 
fxe4 61.gxh4 gxh4 62.Rh6 Kf3 63.Rf6+ Kg3 64.Re6 Rf2+ 65.Kg1 Rf4 66.Rg6+ 
Kxh3 67.Rg2 Rg4 68.Kh1 Rg3 0-1

[Event "40th Nordic Ch"]
[Site "Gjoevik NOR"]
[Date "1985.07.27"]
[Round "11"]
[White "Oest-Hansen, Jacob"]
[Black "Helmers, Knut"]
[Result "1/2-1/2"]
[WhiteElo "2420"]
[BlackElo "2435"]
[EventDate "1985.07.16"]
[PlyCount "40"]

1.g3 Nf6 2.Bg2 d5 3.Nf3 e6 4.O-O b6 5.d3 Bb7 6.Nbd2 Nbd7 7.Re1 Bc5 8.e4 
dxe4 9.Ng5 e3 10.fxe3 Bxg2 11.Kxg2 O-O 12.Ndf3 e5 13.e4 Re8 14.Nh4 g6 15.
Rf1 Bf8 16.Be3 Bg7 17.h3 Rf8 18.Rf2 Qe7 19.Qd2 Ne8 20.Qc3 1/2-1/2

[Event "40th Nordic Ch"]
[Site "Gjoevik NOR"]
[Date "1985.07.27"]
[Round "11"]
[White "Maki, Veijo"]
[Black "Wiedenkeller, Michael"]
[Result "1/2-1/2"]
[WhiteElo "2365"]
[BlackElo "2465"]
[EventDate "1985.07.16"]
[PlyCount "52"]

1.d4 Nf6 2.Nf3 g6 3.Nc3 d5 4.Bf4 Bg7 5.e3 O-O 6.Be2 Nbd7 7.Ne5 c6 8.O-O 
Nxe5 9.Bxe5 Ne4 10.Nxe4 Bxe5 11.dxe5 dxe4 12.Qxd8 Rxd8 13.Rfd1 Be6 14.f3 
exf3 15.gxf3 f6 16.exf6 exf6 17.Kf2 Kf7 18.a3 Ke7 19.e4 Rxd1 20.Rxd1 Rd8 
21.Rxd8 Kxd8 22.Ke3 Ke7 23.f4 Kd6 24.h4 a5 25.b4 axb4 26.axb4 b6 1/2-1/2